| 000 | 01031nam a2200277 i 4500 | ||
|---|---|---|---|
| 001 | 000046285 | ||
| 003 | DO-SdBNP | ||
| 005 | 20230508090229.0 | ||
| 007 | ta | ||
| 008 | 110303s1989 dr 000 0 spa d | ||
| 040 |
_aDO-SdBNP _bspa _cBNPHU _erda |
||
| 082 |
_a021.7 _bF356 _222 |
||
| 111 | 1 |
_aFeria Municipal del Libro _n(del 9 de agosto 1989 : _d9 de agosto 1989 _cSociedad los Progresista, la Vega, R.D.) _974299 |
|
| 245 | 1 | 0 | _aFeria municipal del libro Mario Concepción |
| 260 |
_aLa Vega, República Dominicana : _bPresidencia de la República Dominicana, _c1989. |
||
| 300 |
_a14 paginas. ; _c22 cm. |
||
| 336 |
_2rdacontent _atexto _btxt |
||
| 337 |
_2rdamedia _asin mediación _bn |
||
| 338 |
_2rdacarrier _avolumen _bnc |
||
| 590 | _ainventariado, 2023 / DG | ||
| 650 | 4 |
_aIndustria del libro _zRepública Dominicana _xProgramas _955292 |
|
| 650 | 4 |
_aFeria del libro _zRepública Dominicana _y1989 _xProgramas _974301 |
|
| 650 | 4 |
_aLibros _xExposiciones _zRepública Dominicana _933375 |
|
| 910 | _aDG | ||
| 942 |
_2ddc _cLF2 |
||
| 999 |
_c53433 _d53433 |
||